| 000 | 00451nam a2200181Ia 4500 | ||
|---|---|---|---|
| 003 | GCL | ||
| 008 | 140319s9999 xx 000 0 eng d | ||
| 040 |
_aGCL / _cGCL |
||
| 082 | 0 | 4 |
_a362.196 _bB A |
| 100 | 1 | _aBRITISH RED CROSS | |
| 245 | 1 | 0 |
_aFIRST A:D MANUAL / _cBRITISH RED CROSS |
| 260 |
_a[S.N] : _bDORLING KINDERSLEY ، _c1992 |
||
| 300 | _a256 P | ||
| 650 | 0 | 4 | _aMEDICINE |
| 650 | 0 | 4 | _aHEALTH |
| 650 | 0 | 4 | _aSOCIAL SERVICES |
| 942 |
_2ddc _cBK |
||
| 999 |
_c19336 _d19336 |
||